000 00614nam a2200193Ia 4500
008 131103s9999 xx 000 0 und d
020 _a0 340 11537 8
040 _aLoreto College
041 _aEnglish
082 _a842/FLE
_bLCLIB/20662
245 _aForces in modern French drama
_b Studies in variation on the permitted lie
_cEdited by John Fletcher
260 _aLondon
_bUniversity of London
_c1972
300 _a222p.
_c 23cm.
504 _aIncludes bibliographical references & index
650 _aFrench drama - criticism
700 _aFletcher, John; ed.
850 _aLCLIB/842/FLE
942 _cBK
999 _c24397
_d74876